El espejo que huye

Zapisane w:
Opis bibliograficzny
1. autor: Papini, Giovanni (autor)
Format: Książka
Język:hiszpański
Wydane: Buenos Aires Libreria La Ciudad 1978
Seria:<La >Biblioteca de Babel, 1
Hasła przedmiotowe:
Etykiety: Dodaj etykietę
Nie ma etykietki, Dołącz pierwszą etykiete!

MARC

LEADER 00000nam a2200000 a 4500
001 UCQ0061
003 CL-VaPUC
008 980619e19780000AG |||||||||||||||||spa|d
082 0 4 |a 853  |b PAP  |2 21 
100 |a Papini, Giovanni  |e autor   |9 456366 
245 1 3 |a El espejo que huye 
300 |a 115 p 
942 |c BK 
945 |d 19980619 00:00:00  |a mvenant 
260 |a Buenos Aires  |b Libreria La Ciudad  |c 1978 
650 7 |a CUENTOS ITALIANOS  |2 CL-VaPUC  |9 310431 
650 7 |a LITERATURA FANTASTICA ITALIANA  |2 CL-VaPUC  |9 413069 
650 0 |a Literatura fantástica   |9 266050 
583 |a last modification  |c 19980619 00:00:00  |k Rodrigo Vera 
490 0 |a <La >Biblioteca de Babel, 1 
999 |c 271223  |d 271221 
952 |0 0  |1 0  |4 0  |6 853_000000000000000_PAP_1978  |7 0  |8 A  |9 305812  |a BIBARQ  |b BIBARQ  |d 2019-11-20  |i 3437264  |o 853 PAP 1978  |p 3437264  |r 2025-01-20  |w 2019-11-20  |y BK  |k ARQ